Možnosti financovania akademických inovatívnych nápadov na Slovensku

Uvedenie konkrétnych možnosti umiestnenia inovatívneho nápadu akademického zamerania na slovenské crowdfundingové platformy so štatistickými údajmi úspešnosti podaných projektov. Crowdfundingové platformy na Slovensku podporujúce projekty z akademického prostredia.

Salvato in:
Dettagli Bibliografici
Autore principale: Donovalová, Alena, 1986-
Natura: Capitolo di libro
Lingua:slovacco
Soggetti:
Tags: Aggiungi Tag
Nessun Tag, puoi essere il primo ad aggiungerne!!

MARC

LEADER 00000nla a2200000 4500
001 0227777
005 20240502073743.2
041 0 |a slo 
044 |a SK 
245 1 0 |a Možnosti financovania akademických inovatívnych nápadov na Slovensku  |c Alena Donovalová 
520 |a Uvedenie konkrétnych možnosti umiestnenia inovatívneho nápadu akademického zamerania na slovenské crowdfundingové platformy so štatistickými údajmi úspešnosti podaných projektov. Crowdfundingové platformy na Slovensku podporujúce projekty z akademického prostredia. 
610 2 0 |a marketing 
610 2 0 |a stratégia marketingová 
610 2 0 |a kampane reklamné 
610 2 0 |a kreativita 
610 2 0 |a projekty 
610 2 0 |a inovácia 
610 2 0 |a financovanie 
610 2 0 |a štatistika 
100 1 |a Donovalová, Alena, 1986-